[Event "MSR_ch16"]
[Site "?"]
[Date "2024.04.07"]
[Round "4.1"]
[White "Durana, Jonas"]
[Black "Elias, David"]
[Result "0-1"]
[BlackElo "2257"]
[WhiteElo "2007"]
[LiveChessVersion "1.4.8"]

1. e4 {[%clk 1:30:59]} c5 {[%clk 1:30:53]} 2. Nc3 {[%clk 1:31:23]} Nc6
{[%clk 1:31:10]} 3. g3 {[%clk 1:31:44]} g6 {[%clk 1:31:01]} 4. Bg2
{[%clk 1:32:06]} Bg7 {[%clk 1:31:29]} 5. Nge2 {[%clk 1:32:30]} e6
{[%clk 1:31:44]} 6. O-O {[%clk 1:32:53]} Nge7 {[%clk 1:32:11]} 7. d3
{[%clk 1:32:59]} O-O {[%clk 1:32:33]} 8. f4 {[%clk 1:21:38]} d6 {[%clk 1:32:40]}
9. Be3 {[%clk 1:16:42]} f5 {[%clk 1:32:35]} 10. Qd2 {[%clk 1:10:17]} Nd4
{[%clk 1:25:48]} 11. Bxd4 {[%clk 1:06:11]} cxd4 {[%clk 1:26:05]} 12. Nd1
{[%clk 1:03:03]} Qb6 {[%clk 1:24:19]} 13. Kh1 {[%clk 1:03:26]} Bd7
{[%clk 1:18:29]} 14. c3 {[%clk 1:02:33]} Nc6 {[%clk 1:06:32]} 15. Nf2
{[%clk 0:52:29]} e5 {[%clk 1:04:13]} 16. fxe5 {[%clk 0:48:44]} dxe5
{[%clk 1:03:53]} 17. cxd4 {[%clk 0:48:50]} Nxd4 {[%clk 1:03:14]} 18. Nxd4
{[%clk 0:48:53]} Qxd4 {[%clk 1:01:25]} 19. Rac1 {[%clk 0:36:58]} f4
{[%clk 1:01:00]} 20. Qc3 {[%clk 0:34:35]} fxg3 {[%clk 0:53:50]} 21. Qxd4
{[%clk 0:34:27]} exd4 {[%clk 0:54:14]} 22. hxg3 {[%clk 0:34:33]} Be5
{[%clk 0:54:17]} 23. Kh2 {[%clk 0:28:02]} h5 {[%clk 0:54:32]} 24. Rc5
{[%clk 0:27:07]} Rae8 {[%clk 0:54:07]} 25. Nh1 {[%clk 0:22:45]} g5
{[%clk 0:50:58]} 26. Rxf8+ {[%clk 0:17:13]} Kxf8 {[%clk 0:51:24]} 27. Bf1
{[%clk 0:17:23]} b6 {[%clk 0:49:15]} 28. Rc1 {[%clk 0:17:32]} Ke7
{[%clk 0:49:38]} 29. Be2 {[%clk 0:16:06]} h4 {[%clk 0:48:51]} 30. Kg2
{[%clk 0:15:40]} Rh8 {[%clk 0:48:12]} 31. g4 {[%clk 0:14:51]} h3+
{[%clk 0:46:16]} 32. Kg1 {[%clk 0:15:00]} Rh4 {[%clk 0:42:56]} 33. Nf2
{[%clk 0:14:14]} Bg3 {[%clk 0:42:28]} 34. Rf1 {[%clk 0:12:33]} Kd6
{[%clk 0:41:30]} 35. Bf3 {[%clk 0:11:30]} Ke5 {[%clk 0:38:01]} 36. a3
{[%clk 0:05:37]} Bxf2+ {[%clk 0:37:19]} 37. Rxf2 {[%clk 0:04:26]} Kf4
{[%clk 0:35:53]} 38. Bh1+ {[%clk 0:01:59]} Ke3 {[%clk 0:34:28]} 39. Rf3+
{[%clk 0:02:10]} Kd2 {[%clk 0:33:20]} 40. Kh2 {[%clk 0:02:07]} Bxg4
{[%clk 0:27:47]} 41. Rg3 {[%clk 0:02:31]} Bd7 {[%clk 0:15:59]} 42. Rxg5
{[%clk 0:29:03]} Kxd3 {[%clk 0:46:21]} 43. e5 {[%clk 0:29:01]} Rg4
{[%clk 0:42:23]} 44. Rh5 {[%clk 0:28:14]} Rg6 {[%clk 0:38:11]} 45. Rh4
{[%clk 0:22:28]} Bc6 {[%clk 0:37:36]} 46. Rxh3+ {[%clk 0:21:45]} Kc2
{[%clk 0:36:45]} 47. Rh7 {[%clk 0:19:26]} Bxh1 {[%clk 0:37:08]} 48. Kxh1
{[%clk 0:19:53]} d3 {[%clk 0:37:11]} 49. Rc7+ {[%clk 0:19:18]} Kxb2
{[%clk 0:37:10]} 50. e6 {[%clk 0:19:43]} Rxe6 {[%clk 0:37:20]} 51. Kg2
{[%clk 0:20:03]} Rd6 {[%clk 0:37:40]} 0-1

[Event "MSR_ch16"]
[Site "?"]
[Date "2024.04.07"]
[Round "4.2"]
[White "Oruzinsky, Juraj"]
[Black "Smetana, Peter"]
[Result "1-0"]
[BlackElo "1949"]
[WhiteElo "2118"]
[LiveChessVersion "1.4.8"]

1. e4 {[%clk 1:30:50]} e6 {[%clk 1:30:47]} 2. d3 {[%clk 1:31:03]} d5
{[%clk 1:31:05]} 3. Nd2 {[%clk 1:31:28]} c5 {[%clk 1:31:28]} 4. Ngf3
{[%clk 1:31:45]} Nc6 {[%clk 1:31:47]} 5. g3 {[%clk 1:31:56]} Nf6 {[%clk 1:32:07]}
6. Bg2 {[%clk 1:32:04]} Qc7 {[%clk 1:32:22]} 7. O-O {[%clk 1:32:11]} Be7
{[%clk 1:32:32]} 8. Re1 {[%clk 1:30:30]} h6 {[%clk 1:30:48]} 9. c3
{[%clk 1:28:55]} b6 {[%clk 1:30:21]} 10. Nf1 {[%clk 1:23:56]} Ba6
{[%clk 1:27:15]} 11. Bf4 {[%clk 1:19:39]} Qb7 {[%clk 1:25:18]} 12. exd5
{[%clk 1:10:24]} Nxd5 {[%clk 1:24:22]} 13. Ne5 {[%clk 1:07:31]} Rc8
{[%clk 1:01:01]} 14. Qg4 {[%clk 0:49:40]} h5 {[%clk 0:44:44]} 15. Qe2
{[%clk 0:39:58]} Nd8 {[%clk 0:35:38]} 16. Qe4 {[%clk 0:33:29]} Nxf4
{[%clk 0:32:35]} 17. Qxf4 {[%clk 0:33:39]} Qb8 {[%clk 0:32:03]} 18. Qa4+
{[%clk 0:33:25]} b5 {[%clk 0:30:37]} 19. Qxa6 {[%clk 0:33:49]} Bd6
{[%clk 0:29:38]} 20. Nc6 {[%clk 0:31:11]} Nxc6 {[%clk 0:26:18]} 21. Bxc6+
{[%clk 0:31:33]} Kf8 {[%clk 0:26:34]} 22. Qb7 {[%clk 0:31:32]} Qxb7
{[%clk 0:26:05]} 23. Bxb7 {[%clk 0:31:57]} Rb8 {[%clk 0:26:27]} 24. Bf3
{[%clk 0:30:18]} h4 {[%clk 0:26:35]} 25. Ne3 {[%clk 0:30:03]} hxg3
{[%clk 0:25:52]} 26. hxg3 {[%clk 0:30:20]} g5 {[%clk 0:25:09]} 27. a4
{[%clk 0:28:54]} bxa4 {[%clk 0:24:17]} 28. Rxa4 {[%clk 0:26:37]} Rxb2
{[%clk 0:24:36]} 29. Nc4 {[%clk 0:26:49]} 1-0

[Event "MSR_ch16"]
[Site "?"]
[Date "2024.04.07"]
[Round "4.3"]
[White "Krivosik, Matus"]
[Black "Gay, Lukas"]
[Result "0-1"]
[BlackElo "1976"]
[WhiteElo "1782"]
[LiveChessVersion "1.4.8"]

1. c4 {[%clk 1:30:48]} e5 {[%clk 1:30:44]} 2. g3 {[%clk 1:31:12]} Nf6
{[%clk 1:31:09]} 3. Bg2 {[%clk 1:31:32]} Nc6 {[%clk 1:31:36]} 4. Nc3
{[%clk 1:31:35]} Bc5 {[%clk 1:32:02]} 5. e4 {[%clk 1:31:24]} d6 {[%clk 1:31:24]}
6. h3 {[%clk 1:31:18]} O-O {[%clk 1:23:45]} 7. Nge2 Be6 {[%clk 1:21:47]} 8. d3
{[%clk 1:31:39]} Nd7 {[%clk 1:15:05]} 9. Be3 {[%clk 1:27:01]} f5 {[%clk 1:11:37]}
10. O-O {[%clk 1:25:24]} fxe4 {[%clk 1:07:39]} 11. Nxe4 {[%clk 1:23:04]} Bxe3
{[%clk 1:07:55]} 12. fxe3 {[%clk 1:23:29]} Rxf1+ {[%clk 1:06:46]} 13. Qxf1
{[%clk 1:23:11]} Qe7 {[%clk 1:06:57]} 14. Qd1 {[%clk 1:13:49]} Nd8
{[%clk 0:51:48]} 15. N2c3 {[%clk 1:09:08]} c6 {[%clk 0:45:37]} 16. Nd2
{[%clk 1:06:06]} Qg5 {[%clk 0:42:30]} 17. Qf3 {[%clk 1:04:27]} Nf7
{[%clk 0:39:30]} 18. Nde4 {[%clk 1:01:39]} Qe7 {[%clk 0:39:32]} 19. Nd2
{[%clk 0:48:21]} Rf8 {[%clk 0:36:30]} 20. Qe2 {[%clk 0:42:17]} Nf6
{[%clk 0:33:01]} 21. Rf1 {[%clk 0:37:13]} Qd7 {[%clk 0:32:43]} 22. Kh2
{[%clk 0:34:36]} Ng5 {[%clk 0:31:41]} 23. h4 Nf7 {[%clk 0:28:24]} 24. Bf3
{[%clk 0:25:01]} Nh6 {[%clk 0:26:53]} 25. Nde4 {[%clk 0:24:22]} Bg4
{[%clk 0:22:23]} 26. Bxg4 {[%clk 0:20:26]} Nfxg4+ 27. Kg2 {[%clk 0:18:32]} Rxf1
{[%clk 0:20:46]} 28. Kxf1 {[%clk 0:18:52]} d5 {[%clk 0:17:37]} 29. cxd5
{[%clk 0:16:02]} cxd5 {[%clk 0:17:56]} 30. Nf2 {[%clk 0:14:40]} Nf5
{[%clk 0:14:53]} 31. Qf3 {[%clk 0:13:30]} Nh2+ {[%clk 0:15:10]} 0-1

[Event "MSR_ch16"]
[Site "?"]
[Date "2024.04.07"]
[Round "4.4"]
[White "Pongo, Aron"]
[Black "Vargosko, Juraj"]
[Result "1-0"]
[BlackElo "1936"]
[WhiteElo "1887"]
[LiveChessVersion "1.4.8"]

1. Nf3 {[%clk 1:30:59]} c5 {[%clk 1:30:42]} 2. c4 {[%clk 1:31:14]} Nc6
{[%clk 1:30:54]} 3. g3 {[%clk 1:30:52]} d6 {[%clk 1:30:36]} 4. Bg2
{[%clk 1:30:31]} g6 {[%clk 1:25:00]} 5. O-O {[%clk 1:29:13]} Bg7 {[%clk 1:25:15]}
6. Nc3 {[%clk 1:29:04]} f5 {[%clk 1:17:34]} 7. e3 {[%clk 1:23:09]} e5
{[%clk 1:16:33]} 8. d3 {[%clk 1:15:29]} Nf6 {[%clk 1:15:38]} 9. a3
{[%clk 1:09:46]} O-O {[%clk 1:14:03]} 10. Rb1 {[%clk 1:08:39]} a5
{[%clk 1:05:57]} 11. Qc2 {[%clk 1:01:31]} h6 {[%clk 1:01:44]} 12. b3
{[%clk 0:50:40]} Be6 {[%clk 0:59:57]} 13. Bb2 {[%clk 0:50:03]} Qd7
{[%clk 0:58:23]} 14. Nb5 {[%clk 0:45:17]} f4 {[%clk 0:50:03]} 15. exf4
{[%clk 0:37:09]} exf4 {[%clk 0:50:23]} 16. Rbe1 {[%clk 0:35:06]} fxg3
{[%clk 0:49:30]} 17. fxg3 {[%clk 0:34:54]} Rad8 {[%clk 0:35:11]} 18. d4
{[%clk 0:32:29]} Bf5 {[%clk 0:35:13]} 19. Qc1 {[%clk 0:29:56]} Bd3
{[%clk 0:32:42]} 20. d5 {[%clk 0:27:26]} Bxf1 {[%clk 0:31:19]} 21. Bxf1
{[%clk 0:16:54]} Ne7 {[%clk 0:29:51]} 22. Re6 {[%clk 0:15:26]} Nf5
{[%clk 0:26:47]} 23. g4 {[%clk 0:12:19]} Nxg4 {[%clk 0:25:47]} 24. Rxg6
{[%clk 0:12:21]} Nf6 {[%clk 0:16:29]} 25. Bh3 {[%clk 0:11:37]} Kh7
{[%clk 0:10:47]} 26. Nxd6 {[%clk 0:08:34]} Ne8 {[%clk 0:06:28]} 27. Bxf5
{[%clk 0:02:56]} Rxf5 {[%clk 0:06:42]} 28. Bxg7 {[%clk 0:02:38]} Nxg7
{[%clk 0:05:35]} 29. Qxh6+ {[%clk 0:02:33]} Kg8 {[%clk 0:06:05]} 30. Nxf5
{[%clk 0:02:34]} Qxf5 {[%clk 0:05:47]} 31. Qxg7# 1-0

[Event "MSR_ch16"]
[Site "?"]
[Date "2024.04.07"]
[Round "4.5"]
[White "Jura, Michal"]
[Black "Benci, Jozef"]
[Result "1/2-1/2"]
[BlackElo "2040"]
[WhiteElo "1822"]
[LiveChessVersion "1.4.8"]

1. e4 {[%clk 1:30:38]} e5 {[%clk 1:30:54]} 2. Nf3 {[%clk 1:31:04]} Nc6
{[%clk 1:31:16]} 3. Bb5 {[%clk 1:31:03]} a6 {[%clk 1:31:38]} 4. Ba4
{[%clk 1:31:28]} d6 {[%clk 1:32:01]} 5. c3 {[%clk 1:30:29]} Bd7 {[%clk 1:32:17]}
6. O-O {[%clk 1:30:36]} g6 {[%clk 1:32:28]} 7. d4 {[%clk 1:26:41]} Bg7
{[%clk 1:29:03]} 8. Re1 {[%clk 1:20:18]} Nge7 {[%clk 1:28:36]} 9. Bb3
{[%clk 1:13:25]} O-O {[%clk 1:26:41]} 10. Bg5 {[%clk 1:05:28]} h6
{[%clk 1:19:44]} 11. Bxe7 {[%clk 1:00:13]} Qxe7 {[%clk 1:18:02]} 12. d5
{[%clk 0:58:09]} Nb8 {[%clk 1:15:03]} 13. Nbd2 {[%clk 0:56:17]} f5
{[%clk 1:14:37]} 14. exf5 {[%clk 0:48:37]} Bxf5 {[%clk 1:11:41]} 15. Bc2
{[%clk 0:45:37]} Bxc2 {[%clk 0:59:31]} 16. Qxc2 {[%clk 0:45:13]} Qf7
{[%clk 0:59:51]} 17. Qb3 {[%clk 0:44:29]} Nd7 {[%clk 0:59:55]} 18. Ne4
{[%clk 0:39:50]} Rab8 {[%clk 0:54:51]} 19. Rac1 {[%clk 0:37:18]} Qf4
{[%clk 0:48:24]} 20. c4 {[%clk 0:29:11]} b6 {[%clk 0:45:37]} 21. Qe3
{[%clk 0:25:00]} Nc5 {[%clk 0:33:43]} 22. b4 {[%clk 0:23:50]} Nxe4
{[%clk 0:32:14]} 23. Qxe4 {[%clk 0:24:14]} g5 {[%clk 0:30:31]} 24. Qxf4
{[%clk 0:22:12]} Rxf4 {[%clk 0:29:57]} 25. Nd2 {[%clk 0:20:56]} Rd4
{[%clk 0:23:45]} 26. Nb3 {[%clk 0:20:52]} Rf4 {[%clk 0:23:08]} 27. g3
{[%clk 0:20:53]} Rf7 {[%clk 0:21:51]} 28. c5 {[%clk 0:20:54]} dxc5
{[%clk 0:17:11]} 29. bxc5 {[%clk 0:21:15]} Rd7 {[%clk 0:16:28]} 30. Red1
{[%clk 0:21:10]} Bf8 {[%clk 0:14:42]} 31. cxb6 {[%clk 0:19:54]} Rxb6
{[%clk 0:14:45]} 32. Rd3 {[%clk 0:18:16]} Bb4 {[%clk 0:13:09]} 33. Kg2
{[%clk 0:16:03]} Rb5 {[%clk 0:08:23]} 34. Rcd1 {[%clk 0:12:54]} Bd6
{[%clk 0:05:30]} 35. Nd2 {[%clk 0:11:08]} Rb2 {[%clk 0:04:27]} 36. Ne4
{[%clk 0:11:23]} Kg7 {[%clk 0:02:41]} 37. R1d2 {[%clk 0:10:56]} Rb4
{[%clk 0:02:51]} 38. Re2 {[%clk 0:09:25]} Rd4 {[%clk 0:01:52]} 39. Ree3
{[%clk 0:05:28]} Rxd3 {[%clk 0:01:39]} 40. Rxd3 {[%clk 0:05:56]} Be7
{[%clk 0:01:24]} 41. Kf3 {[%clk 0:01:37]} 1/2-1/2

[Event "MSR_ch16"]
[Site "?"]
[Date "2024.04.07"]
[Round "4.6"]
[White "Buzalka, Martin"]
[Black "Polomsky, Tomas"]
[Result "1-0"]
[BlackElo "1951"]
[WhiteElo "1819"]
[LiveChessVersion "1.4.8"]

1. d4 {[%clk 1:30:57]} d5 {[%clk 1:30:49]} 2. c4 {[%clk 1:31:22]} c6
{[%clk 1:31:13]} 3. Nc3 {[%clk 1:31:14]} e6 {[%clk 1:31:19]} 4. Bf4
{[%clk 1:30:12]} f5 {[%clk 1:31:06]} 5. Nf3 {[%clk 1:28:40]} Nf6 {[%clk 1:31:20]}
6. e3 {[%clk 1:28:09]} Be7 {[%clk 1:29:46]} 7. Bd3 {[%clk 1:26:32]} O-O
{[%clk 1:29:46]} 8. c5 {[%clk 1:25:12]} Ne4 {[%clk 1:27:56]} 9. h4
{[%clk 1:23:01]} Nd7 {[%clk 1:26:11]} 10. Ne2 {[%clk 1:12:58]} Qa5+
{[%clk 1:22:06]} 11. Kf1 {[%clk 1:11:45]} b6 {[%clk 1:21:48]} 12. cxb6
{[%clk 1:09:20]} axb6 {[%clk 1:17:42]} 13. g3 {[%clk 1:04:22]} Ba6
{[%clk 1:15:01]} 14. Kg2 {[%clk 1:00:55]} Bxd3 {[%clk 1:12:56]} 15. Qxd3
{[%clk 1:01:23]} c5 {[%clk 1:11:54]} 16. Rhc1 {[%clk 0:55:36]} c4
{[%clk 1:04:14]} 17. Qd1 {[%clk 0:54:53]} Ra7 {[%clk 0:58:37]} 18. Nc3
{[%clk 0:54:22]} Qb4 {[%clk 0:53:27]} 19. Qe2 {[%clk 0:52:50]} Rfa8
{[%clk 0:52:16]} 20. a3 {[%clk 0:50:04]} Nxc3 {[%clk 0:49:47]} 21. Rxc3
{[%clk 0:49:35]} Qa5 {[%clk 0:49:32]} 22. Ng5 {[%clk 0:48:30]} Bxg5
{[%clk 0:44:25]} 23. Bxg5 {[%clk 0:47:42]} Nf8 {[%clk 0:43:37]} 24. Bf4
{[%clk 0:43:19]} b5 {[%clk 0:42:33]} 25. Bd6 {[%clk 0:43:15]} Ra6
{[%clk 0:42:08]} 26. Bb4 {[%clk 0:43:10]} Qc7 {[%clk 0:41:28]} 27. Rf1
{[%clk 0:42:03]} Qb7 {[%clk 0:39:30]} 28. Rcc1 {[%clk 0:41:19]} Nd7
{[%clk 0:36:37]} 29. Qh5 {[%clk 0:39:47]} Nf6 {[%clk 0:33:16]} 30. Qg5
{[%clk 0:39:27]} h6 {[%clk 0:30:37]} 31. Qf4 {[%clk 0:39:26]} Qb8
{[%clk 0:30:15]} 32. Qf3 {[%clk 0:38:26]} Qc7 {[%clk 0:27:19]} 33. Rh1
{[%clk 0:38:00]} g6 {[%clk 0:23:54]} 34. Rcg1 {[%clk 0:35:27]} h5
{[%clk 0:23:12]} 35. Qe2 {[%clk 0:34:18]} Nd7 {[%clk 0:22:48]} 36. f4
{[%clk 0:31:46]} Nb8 {[%clk 0:22:38]} 37. Qd2 {[%clk 0:30:21]} Nc6
{[%clk 0:22:55]} 38. Bc3 {[%clk 0:29:39]} Qb7 {[%clk 0:22:06]} 39. Kf3
{[%clk 0:28:50]} Ra4 {[%clk 0:21:24]} 40. Ke2 {[%clk 0:26:58]} b4
{[%clk 0:21:31]} 41. axb4 {[%clk 0:27:09]} Nxb4 {[%clk 0:21:50]} 42. Rb1
{[%clk 0:25:08]} Nd3 {[%clk 0:21:12]} 43. Rh2 {[%clk 0:24:21]} Ra2
{[%clk 0:20:48]} 44. Kf3 {[%clk 0:23:54]} Qa6 {[%clk 0:19:43]} 45. Rhh1
{[%clk 0:23:13]} Rb8 {[%clk 0:19:35]} 46. Qe2 {[%clk 0:20:18]} Rb3
{[%clk 0:19:34]} 47. Qd2 {[%clk 0:19:15]} Qb5 {[%clk 0:18:58]} 48. Rh2
{[%clk 0:19:20]} Nb4 {[%clk 0:16:45]} 49. Rhh1 {[%clk 0:15:45]} Nc6
{[%clk 0:16:27]} 50. Rhc1 {[%clk 0:11:56]} Nb8 {[%clk 0:16:17]} 51. Qd1
{[%clk 0:10:29]} Nd7 {[%clk 0:14:23]} 52. Ra1 {[%clk 0:07:49]} Rxa1
{[%clk 0:14:37]} 53. Rxa1 {[%clk 0:08:17]} Nf6 {[%clk 0:14:57]} 54. Ra5
{[%clk 0:02:15]} Qb6 {[%clk 0:13:35]} 55. Qa1 {[%clk 0:02:04]} Ne4
{[%clk 0:13:39]} 56. Ra6 {[%clk 0:01:39]} Qb5 {[%clk 0:13:21]} 57. Ra5
{[%clk 0:27:03]} Qc6 {[%clk 0:41:35]} 58. Ra8+ {[%clk 0:25:03]} Kf7
{[%clk 0:41:31]} 59. Qa5 {[%clk 0:24:22]} Qb6 {[%clk 0:40:57]} 60. Qa4
{[%clk 0:21:56]} Qb5 {[%clk 0:39:00]} 61. Ra7+ {[%clk 0:20:32]} Kf8
{[%clk 0:37:46]} 62. Qa1 {[%clk 0:18:06]} Nxc3 {[%clk 0:36:52]} 63. bxc3
{[%clk 0:18:24]} Rb1 {[%clk 0:36:13]} 64. Qa3+ {[%clk 0:18:33]} Kg8
{[%clk 0:36:30]} 65. Ra8+ {[%clk 0:18:35]} Kf7 {[%clk 0:36:35]} 66. Qf8# 1-0

[Event "MSR_ch16"]
[Site "?"]
[Date "2024.04.07"]
[Round "4.7"]
[White "Carnecky, Viliam"]
[Black "Mantic, Andrej"]
[Result "0-1"]
[BlackElo "1855"]
[WhiteElo "1789"]
[LiveChessVersion "1.4.8"]

1. e4 {[%clk 1:30:34]} e5 {[%clk 1:30:41]} 2. Nc3 {[%clk 1:30:57]} Nf6
{[%clk 1:30:13]} 3. f4 {[%clk 1:31:21]} d6 {[%clk 1:29:08]} 4. Bc4
{[%clk 1:30:46]} exf4 {[%clk 1:28:23]} 5. Nf3 {[%clk 1:30:08]} Be7
{[%clk 1:27:11]} 6. d3 {[%clk 1:27:43]} c6 {[%clk 1:25:51]} 7. Bxf4
{[%clk 1:26:40]} O-O {[%clk 1:24:39]} 8. Qd2 {[%clk 1:25:16]} a5 {[%clk 1:21:32]}
9. a4 {[%clk 1:22:20]} Na6 {[%clk 1:19:05]} 10. O-O-O {[%clk 1:19:23]} Be6
{[%clk 1:17:27]} 11. Rdg1 {[%clk 1:16:51]} d5 {[%clk 1:09:23]} 12. exd5
{[%clk 1:15:12]} cxd5 {[%clk 1:09:21]} 13. Bb5 {[%clk 1:15:25]} d4
{[%clk 1:06:49]} 14. Nb1 {[%clk 1:09:31]} Nd5 {[%clk 1:03:12]} 15. g4
{[%clk 1:06:12]} Nxf4 {[%clk 1:01:28]} 16. Qxf4 {[%clk 1:06:03]} Nb4
{[%clk 0:59:23]} 17. Nbd2 {[%clk 0:59:57]} Rc8 {[%clk 0:49:44]} 18. Nc4
{[%clk 0:58:14]} Bd5 {[%clk 0:46:08]} 19. Kb1 {[%clk 0:53:01]} h6
{[%clk 0:39:41]} 20. Rg2 {[%clk 0:42:44]} Bg5 {[%clk 0:37:37]} 21. Qg3
{[%clk 0:41:17]} Qf6 {[%clk 0:36:16]} 22. Rf1 {[%clk 0:39:31]} Bf4
{[%clk 0:34:00]} 23. Qe1 {[%clk 0:38:17]} Qg6 {[%clk 0:31:06]} 24. Qd1
{[%clk 0:28:53]} Be3 {[%clk 0:22:34]} 25. Nfe5 {[%clk 0:26:06]} Qg5
{[%clk 0:20:49]} 26. Rf5 {[%clk 0:24:10]} Qd8 {[%clk 0:19:07]} 27. Re2
{[%clk 0:22:50]} Be6 {[%clk 0:18:04]} 28. Rf1 {[%clk 0:21:15]} Nd5
{[%clk 0:17:49]} 29. h3 {[%clk 0:19:11]} Qg5 {[%clk 0:15:23]} 30. Nf3
{[%clk 0:11:06]} Qd8 {[%clk 0:14:13]} 31. Ne1 {[%clk 0:08:29]} Nc7
{[%clk 0:10:23]} 32. Nxe3 {[%clk 0:07:58]} dxe3 {[%clk 0:10:35]} 33. Rxe3
{[%clk 0:07:46]} Nxb5 {[%clk 0:11:00]} 34. axb5 {[%clk 0:08:14]} Qd5
{[%clk 0:11:10]} 35. b3 {[%clk 0:06:56]} Qxb5 {[%clk 0:11:09]} 36. Rf4
{[%clk 0:06:05]} Rc3 {[%clk 0:09:48]} 37. Kb2 {[%clk 0:04:15]} Rfc8
{[%clk 0:09:52]} 38. h4 {[%clk 0:03:55]} a4 {[%clk 0:08:40]} 39. Rxa4
{[%clk 0:03:48]} Rxc2+ {[%clk 0:08:20]} 40. Nxc2 {[%clk 0:03:15]} Qxb3+
{[%clk 0:08:45]} 41. Kc1 {[%clk 0:03:26]} Qxa4 {[%clk 0:08:59]} 42. Kd2
{[%clk 0:02:21]} Bb3 {[%clk 0:08:52]} 43. Re4 {[%clk 0:02:06]} Rxc2+
{[%clk 0:08:33]} 44. Ke3 {[%clk 0:02:18]} Qxe4+ {[%clk 0:07:25]} 45. Kxe4
{[%clk 0:30:04]} Rc4+ {[%clk 0:37:48]} 46. dxc4 {[%clk 0:30:24]} Bxd1
{[%clk 0:38:07]} 47. g5 {[%clk 0:30:44]} hxg5 {[%clk 0:38:19]} 48. hxg5
{[%clk 0:31:10]} Kf8 {[%clk 0:38:38]} 49. c5 {[%clk 0:31:27]} Ke7
{[%clk 0:39:04]} 50. Ke5 {[%clk 0:31:52]} Kd7 {[%clk 0:39:15]} 51. Kd5
{[%clk 0:32:12]} Bb3+ 0-1

[Event "MSR_ch16"]
[Site "?"]
[Date "2024.04.07"]
[Round "4.8"]
[White "Hitka, Dominik"]
[Black "Sujan, Daniel"]
[Result "1-0"]
[BlackElo "1702"]
[WhiteElo "1854"]
[LiveChessVersion "1.4.8"]

1. e4 {[%clk 1:29:20]} e5 {[%clk 1:30:54]} 2. c4 {[%clk 1:29:44]} Nc6
{[%clk 1:29:53]} 3. Nc3 {[%clk 1:29:10]} Nf6 {[%clk 1:29:34]} 4. a3
{[%clk 1:28:42]} d6 {[%clk 1:29:11]} 5. d3 {[%clk 1:28:37]} h6 {[%clk 1:28:36]}
6. f4 {[%clk 1:28:07]} Bg4 {[%clk 1:27:35]} 7. Be2 {[%clk 1:28:05]} Bxe2
{[%clk 1:27:25]} 8. Ngxe2 {[%clk 1:28:16]} Nd4 {[%clk 1:27:05]} 9. Be3
{[%clk 1:26:49]} c5 {[%clk 1:26:07]} 10. Bxd4 {[%clk 1:25:37]} cxd4
{[%clk 1:25:38]} 11. Nd5 {[%clk 1:25:54]} Be7 {[%clk 1:23:12]} 12. Nxf6+
{[%clk 1:24:04]} Bxf6 {[%clk 1:23:23]} 13. Qa4+ {[%clk 1:24:05]} Qd7
{[%clk 1:23:06]} 14. Qxd7+ {[%clk 1:23:49]} Kxd7 {[%clk 1:23:31]} 15. O-O
{[%clk 1:24:09]} Ke7 {[%clk 1:18:34]} 16. b4 {[%clk 1:22:35]} b6 {[%clk 1:17:05]}
17. Ng3 {[%clk 1:22:13]} g6 {[%clk 1:16:11]} 18. Rf3 {[%clk 1:20:49]} exf4
{[%clk 1:12:05]} 19. Rxf4 {[%clk 1:20:32]} Be5 {[%clk 1:12:16]} 20. Rf3
{[%clk 1:20:28]} Bxg3 {[%clk 1:12:40]} 21. Rxg3 {[%clk 1:19:07]} Rhf8
{[%clk 1:10:42]} 22. Rf1 {[%clk 1:18:13]} a5 {[%clk 1:04:32]} 23. b5
{[%clk 1:17:46]} Rac8 {[%clk 1:03:07]} 24. Rgf3 {[%clk 1:13:37]} Rc5
{[%clk 1:00:28]} 25. Rf6 {[%clk 1:13:43]} Re5 {[%clk 0:57:03]} 26. h3
{[%clk 1:13:05]} h5 {[%clk 0:55:09]} 27. g4 {[%clk 1:04:46]} hxg4
{[%clk 0:47:29]} 28. hxg4 {[%clk 1:05:04]} Rg5 {[%clk 0:47:44]} 29. R6f4
{[%clk 1:04:36]} Re5 {[%clk 0:43:58]} 30. Kg2 {[%clk 1:04:41]} g5
{[%clk 0:39:44]} 31. Rf6 {[%clk 1:00:38]} Re6 {[%clk 0:39:10]} 32. R6f5
{[%clk 1:00:02]} Re5 {[%clk 0:37:50]} 33. a4 {[%clk 1:00:12]} f6 {[%clk 0:37:00]}
34. Rh1 {[%clk 0:59:52]} Rxf5 {[%clk 0:31:00]} 35. exf5 {[%clk 1:00:03]} Kd7
{[%clk 0:29:32]} 36. Rh7+ {[%clk 0:54:11]} Kc8 {[%clk 0:29:34]} 37. Re7
{[%clk 0:50:01]} Rh8 {[%clk 0:23:14]} 38. Re4 {[%clk 0:47:59]} Kd7
{[%clk 0:21:41]} 39. Rxd4 {[%clk 0:45:38]} Rh4 {[%clk 0:19:11]} 40. Re4
{[%clk 0:45:37]} Rh8 {[%clk 0:19:19]} 41. Re6 {[%clk 0:45:11]} Rh4
{[%clk 0:16:45]} 42. Kf3 {[%clk 0:44:02]} Rh1 {[%clk 0:09:54]} 43. Ke4
{[%clk 0:43:28]} Re1+ {[%clk 0:07:09]} 44. Kd5 {[%clk 0:42:57]} Rxe6
{[%clk 0:06:58]} 45. fxe6+ {[%clk 0:43:12]} Ke7 {[%clk 0:07:16]} 46. d4
{[%clk 0:42:38]} Kd8 {[%clk 0:05:42]} 47. Ke4 Ke8 {[%clk 0:02:08]} 48. Kf5
{[%clk 0:42:57]} d5 {[%clk 0:01:50]} 49. cxd5 {[%clk 0:43:01]} Ke7
{[%clk 0:02:12]} 50. d6+ {[%clk 0:43:24]} 1-0